Statistiques concernant Podium du Rallye Rhône-Charbonnières

Cliquez ici pour prendre le quiz!

Statistiques générales

  • Ce quiz a été pris 2 fois
  • Le résultat moyen est 16 sur 122

Statistiques - réponses

Vainqueur% Correct
Cédric Robert
100%
David Salanon
100%
Quentin Gilbert
100%
Quentin Giordano
100%
Sébastien Loeb
100%
Stéphane Sarrazin
100%
Yoann Bonato
100%
Yohan Rossel
100%
Bryan Bouffier
50%
Dany Snobeck
50%
Eric Brunson
50%
Eric Camilli
50%
Hugo Margaillan
50%
Jean-Marie Cuoq
50%
Jean Ragnotti
50%
Jérémi Ancian
50%
Julien Maurin
50%
Lionel Baud
50%
Nicolas Ciamin
50%
Olivier Marty
50%
Pascal Trojani
50%
Patrick Rouillard
50%
Romain Dumas
50%
Sylvain Michel
50%
Alain Cudini
0%
Alain Haro
0%
Alain Serpaggi
0%
Albert Benmussa
0%
Alexandre Bengué
0%
Alexandre Gacon
0%
Amilcare Ballestrieri
0%
Arnaud Augoyard
0%
Auguste Pouderoux
0%
Benoit Rousselot
0%
Bernard Beguin
0%
Bernard Consten
0%
Bernard Darniche
0%
Bernard Fiorentino
0%
Bob Neyret
0%
Bruno Saby
0%
Christian Beaux
0%
Christian Gazaud
0%
Christian Rigollet
0%
Claude Haldi
0%
Claude Storez
0%
Cyril Henny
0%
Daniel Benoit
0%
Dieter Glemser
0%
Fabien Véricel
0%
Francis Serpaggi
0%
François Chatriot
0%
François Delecour
0%
François Vivier
0%
Fulvio Baccheli
0%
Gaston Gautruche
0%
G Blondel
0%
Georges Houel
0%
Gérard Larousse
0%
Gilles Panizzi
0%
Guy Chasseuil
0%
Guy Fréquelin
0%
Guy Verrier
0%
Henri Depons
0%
Henri Greder
0%
Henri Oreiller
0%
Henri Peignaux
0%
Hugues Delage
0%
Jacky Voirin
0%
Jacques Henry
0%
Jacques Maraval
0%
Jacques Tasso
0%
Jean-Claude Andruet
0%
Jean-François Bérenguer
0%
Jean-Francois Piot
0%
Jean Laroche
0%
Jean-Louis Clarr
0%
Jean-Marc Ivens
0%
Jean Montagny
0%
Jean-Pierre Ballet
0%
Jean-Pierre Hanrioud
0%
Jean-Pierre Nicolas
0%
Jean-Pierre Rouget
0%
Jean-Sébastien Vigion
0%
Jean Vinatier
0%
J Gobba
0%
Lucien Bianchi
0%
Marc Angelvin
0%
Marcel Picart
0%
Marc Gignoux
0%
Mark Champeau
0%
Matussiere
0%
Maurizio Verini
0%
Michèle Mouton
0%
Michel Pignard
0%
Nicolas Vouilloz
0%
Pascal Thomasse
0%
Patrick Henry
0%
Patrick Magaud
0%
Paul Macchi
0%
Philippe Bugalski
0%
Philippe Kruger
0%
Pierre Boutin
0%
Pierre Daligand
0%
Pierre Maublanc
0%
Pieter Tsjoen
0%
René Cotton
0%
René Trautmann
0%
Robert Cat
0%
Robert Gentilini
0%
Roger De Lageneste
0%
Sabir Gany
0%
Serge Jordan
0%
Serge Sastre
0%
Simon Jean-Joseph
0%
Sobieslaw Zasada
0%
Trolliet
0%
Vic Elford
0%
William Oddoux
0%
Xavier Lemonnier
0%
Yves Lesur
0%

Distribution des résultats

Percentile par nombre de réponses

% des personnes avec chaque résultat

Votre développement - résultats

Vous n’avez pas pris ce quiz